Aktív brigád socialistickej práce

Bibliographic Details
Main Author: Dolinská, Eva, 1949-1992 (Author)
Format: Article
Language:Slovak
Subjects:

MARC

LEADER 00000nab a2200000 a 4500
001 vtls000205523
003 SK-MaSNL
005 20260304065424.0
008 250422c1985 xo 0 slo
015 |a SNBRB19rr/mm-uuuuu 
035 |a CL0215636 
035 |a urn:nbn:sk:snk-abbef3 
035 |a (urnnbn)urn:nbn:sk:snk:ar-000mky 
035 |a (uuid)08b71f39-1f54-4f8f-9991-a0b4517868f5 
040 |a SNKBUCL  |b slo  |c SNKBUCL  |e AACR2 
041 0 |a slo 
044 |a xo  |c SK 
080 |a 023.5:331.875  |2 1981 
080 |a 331.875  |2 1981 
080 |a 021.15(437.6)  |2 1981 
080 |a 023.4  |2 1981 
080 |a 374.1(437.658)  |2 1981 
100 1 |a Dolinská, Eva,  |d 1949-1992  |4 aut  |9 101404 
245 1 0 |a Aktív brigád socialistickej práce  |c E.D. 
650 0 7 |a knižnice jednotnej sústavy  |2 snkbucl  |9 359941 
650 0 7 |a brigády socialistickej práce  |2 snkbucl  |9 53950 
773 0 |t Čitateľ  |g Roč. 34, č. 1 (1985), s. 14-15 
850 |a Slovenská národná knižnica 
852 |a Slovenská národná knižnica 
954 |a odborná, vedecká literatúra pôvodná (slovenská)  |2 lita 
958 |a article15 
958 |a KL 
958 |a OND 
958 |a EUIPO 
999 |c 2750706  |d 2752636